00812nam a22002177a 450000500170000001000150001702000260003203500140005803700090007208200130008110000240009424500780011825000060019626000490020227001090025130000310036070000310039194200270042299900190044995201260046820240614143408.0 aENG-140616 c399.00a9788119896042 aEN-124148 bDBAD a574.524 aPranav Kumar967532 aFundamentals of Ecology and Environment/cBy Pranav Kumar [and] Usha Mina a4 aNoidabPearson India Education Pvt Ltdc2024 a1st Floor, Berger Tower, Plot No. C-001/2, Sector 16BbNoidae201301mcompanysecretary.india@pearson.com axi,282p.c28cm(pbk)bIndex aMina, Usha eAuthor967533 2ddccENh574.5mPRAe4 c203612d203612 001040708NFICaLbLd2024-06-14eDBADg399.00l0o574.5 PRApEN-124148r2024-06-14 00:00:00t1v399.00w2024-06-14yEN